Cuentos pintados / (Registro nro. 31972)

Detalles MARC
000 -CABECERA
Longitud fija campo de control 00771nam a2200229 a 4500
003 - • IDENTIFICADOR DELl NÚMERO DE CONTROL
Identificador del número de control CO-ViMGA
008 - • CÓDIGOS DE INFORMACIÓN DE LONGITUD FIJA
Códigos de información de longitud fija 141112s2004 ck r 000 u spa d
020 ## - • NÚMERO INTERNACIONAL NORMALIZADO PARA LIBROS
Número Internacional Normalizado para Libros (ISBN) 9789589827345
040 ## - FUENTE DE LA CATALOGACIÓN
Centro catalogador de origen CO-ViMGA
Lengua de catalogación spa
Centro transcriptor CO-ViMGA
082 04 - • NÚMERO DE LA CLASIFICACIÓN DECIMAL DEWEY
Número de clasificación (R) POMc1
100 1# - • PUNTO DE ACCESO PRINCIPAL-NOMBRE DE PERSONA
Nombre de persona Pombo, Rafael, 1833 - 1912
245 10 - • TITULO PROPIAMENTE DICHO
Título Cuentos pintados /
Mención de responsabilidad, etc. Rafel Pombo; ilustraciones de Ivar Da Coll
300 ## - • DESCRIPCIÓN FÍSICA
Extensión 72p.
505 ## - • NOTA DE CONTENIDO CON FORMATO
Nota de contenido con formato La pobre viejecita;el renacuajo paseador;pastorcita;mirringa mirronga la gata candonga;simon el bobito;juan matachin
650 14 - • PUNTO DE ACCESO ADICIONAL DE MATERIA - TÉRMINO DE MATERIA
Término de materia o nombre geográfico como elemento inicial 2 : ANIMALES - CUENTOS INFANTILES
650 14 - • PUNTO DE ACCESO ADICIONAL DE MATERIA - TÉRMINO DE MATERIA
Término de materia o nombre geográfico como elemento inicial 3 : FABULAS COLOMBIANAS
650 14 - • PUNTO DE ACCESO ADICIONAL DE MATERIA - TÉRMINO DE MATERIA
Término de materia o nombre geográfico como elemento inicial CUENTOS INFANTILES COLOMBIANOS
700 1# - • PUNTO DE ACCESO ADICIONAL - NOMBRE DE PERSONA
Nombre de persona Da Coll, Ivar
942 ## - ENTRADA DE ELEMENTOS AGREGADOS (KOHA)
Fuente de clasificaión o esquema Dewey Decimal Classification
Koha [por defecto] tipo de item LIbro
Existencias
Perdido Fuente de clasificación o esquema Estado Físico No para préstamo Forma de adquisición Localización permanente Localización actual Fecha adquisición Serie de enumeración / cronolog&íacute;a Préstamos totales Renovaciones totales Signatura completa Código de barras Fecha última consulta Fecha último préstamo Número de copia Fecha del precio de reemplazo Tipo de item de Koha Localización en estanterías
  Dewey Decimal Classification     Infantil Biblioteca Pública Puerto Lleras Biblioteca Pública Puerto Lleras 03/13/2026       P POM1 PLL01600 03/13/2026   Ej.1 03/13/2026 Libro Infantil Literatura
  Dewey Decimal Classification     Sala Infantil Segundo Piso Biblioteca Pública Germán Arciniegas - Villavicencio Biblioteca Pública Germán Arciniegas - Villavicencio 12/04/2015 22/ago/2011 2 2 POMc1 24802 05/21/2019 05/09/2019 Ej. 1 12/04/2015 LIbro  









Instituto Departamental de Cultura del Meta - Red Departamental de Bibliotecas Públicas del Meta.